000 00579nam a2200241Ia 4500
003 OSt
005 20220924151529.0
006 a|||||r|||| 00| 0
007 ta
008 220923b |||||||| |||| 00| 0 tel d
020 _c100
024 _a338088
037 _cTextual
040 _aARTS
_cARTS
_btel
041 _2tel
_atel
082 _aP35,ExM60,1, 35N6
100 _aRao
245 0 _aBaala vyakarna ghantapathamu
260 _c1996
650 _aLINGUISTICS
942 _hP35,ExM60,1, 35N6
_cTEXL
_2CC
999 _c466888
_d466888